20 pays par drapeau. #1 - Statistiques

Statistiques générales
  • Ce quiz a été pris 503 fois
  • Le résultat moyen est 18 sur 20
Statistiques - réponses
Par images Réponse % Correct
Espagne
100%
France
98%
Allemagne
97%
Canada
97%
Portugal
97%
Suisse
97%
Argentine
96%
Grande-Bretagne
96%
Suède
96%
états-unis
94%
Mexique
94%
Pays-Bas
92%
Danemark
91%
Tunisie
90%
Ukraine
89%
Chine
87%
Afrique du sud
86%
Islande
79%
Oman
51%
Soudan
46%
Aucun quiz correspondant
Distribution des résultats
% des personnes avec chaque résultat
Percentile par nombre de réponses
Votre historique - résultats
Vous n’avez pas pris ce quiz